| 000 | 00925cam a2200157 4500500 | ||
|---|---|---|---|
| 005 | 20260322004046.0 | ||
| 041 | _afre | ||
| 042 | _adc | ||
| 100 | 1 | 0 |
_aRibereau-Gayon, Philippe _eauthor |
| 245 | 0 | 0 | _aJan Patočka Platon et l’Europe Traduit du tchèque et de l’allemand par Erika Abrams. Nouvelle édition revue et augmentée. Verdier, « Philosophie », 2025, 448 pages, 26 €. |
| 260 | _c2025. | ||
| 500 | _a86 | ||
| 520 | _aProfesseur, philosophe, romancier, peu importe l’étiquette disciplinaire qui lui est attribuée, ce qu’Umberto Eco a le mieux incarné, c’est le fait qu’avoir des idées est de l’ordre du comique. Si penser, c’est comme rire, rire n’est-il pas une manière de régler ses comptes avec la mort ? | ||
| 786 | 0 | _nÉtudes | Jui | 6 | 2025-05-21 | p. 130-131 | 0014-1941 | |
| 856 | 4 | 1 | _uhttps://shs.cairn.info/revue-etudes-2025-6-page-130?lang=fr&redirect-ssocas=7080 |
| 999 |
_c1737034 _d1737034 |
||